[Event "English Online Blitz Gp1"]
[Site "chess.com INT"]
[Date "2020.05.09"]
[Round "11"]
[White "Llewellyn, Alan M"]
[Black "Yapp, Christopher"]
[Result "0-1"]
[WhiteElo "1460"]
[BlackElo "1494"]
[WhiteFideId "422479"]
[BlackFideId "450405"]
[EventDate "2020.05.09"]
[EventType "blitz"]

1. c4 e6 2. Nc3 f5 3. e4 fxe4 4. Qh5+ g6 5. Qe5 Nf6 6. Nxe4 Bg7 7. d4 O-O 8. Bg5
d6 9. Nxf6+ Bxf6 10. Bxf6 Qxf6 11. Qxf6 Rxf6 12. Nf3 Nd7 13. Bd3 b6 14. Be4 Rb8
15. O-O Ba6 16. Rfc1 Rf4 17. Bd3 Rbf8 18. b3 Bb7 19. Be2 e5 20. d5 Nc5 21. Rf1
Ne4 22. Bd3 Nc5 23. Bc2 Bc8 24. Rae1 a5 25. Bd1 Kg7 26. g3 Rxf3 27. Bxf3 Rxf3
28. Kg2 Rc3 29. Re3 Rc2 30. a4 Rb2 31. Kf3 Nxb3 32. g4 Nd2+ 33. Kg2 Nxf1 34.
Kxf1 Bxg4 35. f3 Bf5 36. f4 e4 37. h4 Rb4 38. Rc3 Rxa4 39. Kf2 Rb4 40. Ke3 a4
41. Kd4 Rb3 42. Rxb3 axb3 43. Kc3 e3 44. Kxb3 e2 45. Kb4 e1=Q+ 46. Kb5 Qa5+ 47.
Kc6 Qc5+ 48. Kb7 Qxc4 49. h5 gxh5 50. Ka8 Qxd5+ 51. Ka7 b5 52. Ka6 b4 53. Ka7 b3
54. Ka6 b2 55. Ka7 b1=Q 56. Ka6 Qb6# 0-1

[Event "English Online Blitz Gp1"]
[Site "chess.com INT"]
[Date "2020.05.09"]
[Round "11"]
[White "Cooper, Lawrence H"]
[Black "Walton, Alan J"]
[Result "1/2-1/2"]
[WhiteTitle "IM"]
[BlackTitle "CM"]
[WhiteElo "2331"]
[BlackElo "2120"]
[WhiteFideId "401536"]
[BlackFideId "409898"]
[EventDate "2020.05.09"]
[EventType "blitz"]

1. e4 e6 2. d4 d5 3. Nd2 a6 4. Bd3 c5 5. exd5 exd5 6. dxc5 Bxc5 7. Ngf3 Ne7 8.
O-O O-O 9. Nb3 Ba7 10. Nbd4 Nbc6 11. Be3 Nxd4 12. Bxd4 Bxd4 13. Nxd4 Nc6 14. Be2
Qf6 15. c3 Be6 16. Bf3 Rad8 17. Qd2 Ne5 18. b3 Ng6 19. g3 Bf5 20. Rfe1 Bh3 21.
Re3 Rfe8 22. Rxe8+ Rxe8 23. Bxd5 Qe5 24. Bxb7 h6 25. Bg2 Bxg2 26. Kxg2 Qd5+ 27.
Kg1 Ne5 28. f4 Ng4 29. Re1 Rd8 30. Qg2 Qc5 31. Qf3 Nf6 32. Qd3 Nd5 33. Qc4 Qa7
34. Kg2 Nxc3 35. Qxc3 Rxd4 36. Re2 Rd8 37. Qe3 Qb7+ 38. Qf3 Qb6 39. Qe4 a5 40.
Qe3 Qb7+ 41. Qf3 Qb6 42. Qe4 Qb5 43. Qf3 Qb6 44. Qe3 Qb7+ 45. Qe4 Qb6 46. Qe3 1/2-1/2

[Event "English Online Blitz Gp1"]
[Site "chess.com INT"]
[Date "2020.05.09"]
[Round "11"]
[White "Kalavannan, Koby"]
[Black "Pert, Richard G"]
[Result "1/2-1/2"]
[WhiteTitle "FM"]
[BlackTitle "IM"]
[WhiteElo "2324"]
[BlackElo "2416"]
[WhiteFideId "425753"]
[BlackFideId "404748"]
[EventDate "2020.05.09"]
[EventType "blitz"]

1. d4 d5 2. Nf3 Nf6 3. c4 e6 4. g3 Bb4+ 5. Bd2 Be7 6. Bg2 O-O 7. Qc2 Nbd7 8. O-O
Ne4 9. Nc3 Nxd2 10. Nxd2 c6 11. e4 dxc4 12. Nxc4 Nb6 13. Nxb6 Qxb6 14. Rad1 e5
15. d5 Bg4 16. Rd2 Rad8 17. h3 Bh5 18. Kh1 Bb4 19. a3 Bxc3 20. Qxc3 cxd5 21.
Qxe5 Bg6 22. exd5 Rfe8 23. Qc3 h5 24. b4 Be4 25. Bxe4 Rxe4 26. Rfd1 Qd6 27. Qf3
Re5 28. Kg2 g6 29. Rd4 Rf5 30. Qb3 Rf6 31. Re1 Qb6 32. Qd3 Rxd5 33. Ree4 Rxd4
34. Qxd4 Qc6 35. b5 Qd6 36. Qxa7 Qd3 37. Qe3 Qxb5 38. g4 hxg4 39. hxg4 Kg7 40.
Kg3 Qd5 41. Qd4 Qxd4 42. Rxd4 Ra6 43. Rd3 Ra4 44. Rb3 Kf6 45. Rb6+ Kg7 46. Rxb7
Rxa3+ 47. f3 Kf6 48. Rb6+ Kg7 49. g5 Ra5 50. f4 Rc5 51. Kg4 Rc1 52. Rb3 Rg1+ 53.
Rg3 1/2-1/2

[Event "English Online Blitz Gp1"]
[Site "chess.com INT"]
[Date "2020.05.09"]
[Round "11"]
[White "Stojanas, Justinas"]
[Black "Robson, Adrian"]
[Result "1-0"]
[WhiteElo "2106"]
[BlackElo "1484"]
[WhiteFideId "12802328"]
[BlackFideId "1544659"]
[EventDate "2020.05.09"]
[EventType "blitz"]

1. e4 e5 2. f4 exf4 3. Nf3 d6 4. Bc4 h6 5. O-O g5 6. g3 g4 7. Nh4 f3 8. d4 Be6
9. Bxe6 fxe6 10. Nc3 Nc6 11. Qd3 Nge7 12. Qb5 Qd7 13. Qh5+ Kd8 14. Be3 e5 15.
dxe5 Nxe5 16. Rad1 Bg7 17. Nf5 Nxf5 18. exf5 Qf7 19. Qxf7 Nxf7 20. Nd5 Be5 21.
Bf4 c6 22. Bxe5 Nxe5 23. Ne3 Ke7 24. Rfe1 Rad8 25. Nxg4 Rhf8 26. Nxe5 dxe5 27.
Rxe5+ Kf6 28. Ree1 Kxf5 29. Kf2 Kg4 30. Rxd8 Rxd8 31. Re4+ Kg5 32. Kxf3 Rd2 33.
h4+ Kf6 34. Re2 Rd7 35. Re4 a6 36. g4 Rd2 37. Re2 Rd4 38. c3 Rd3+ 39. Kf4 Rd1
40. g5+ hxg5+ 41. hxg5+ Kf7 42. Ke5 Rd8 43. Rg2 Kg6 44. Ke6 1-0

[Event "English Online Blitz Gp1"]
[Site "chess.com INT"]
[Date "2020.05.09"]
[Round "11"]
[White "Jones, Gawain C B"]
[Black "Adair, James R"]
[Result "1-0"]
[WhiteTitle "GM"]
[BlackTitle "IM"]
[WhiteElo "2670"]
[BlackElo "2450"]
[WhiteFideId "409561"]
[BlackFideId "406252"]
[EventDate "2020.05.09"]
[EventType "blitz"]

1. e4 e5 2. Nf3 Nc6 3. Bc4 Bc5 4. Nc3 Nf6 5. d3 h6 6. h3 a6 7. a3 d6 8. Be3 Bxe3
9. fxe3 Ne7 10. Qe2 Ng6 11. g4 Nh7 12. Qf2 O-O 13. O-O-O Be6 14. h4 Bxg4 15. h5
Ne7 16. Rdg1 Bxf3 17. Qxf3 Kh8 18. Ne2 f6 19. Ng3 Ng5 20. Qf2 b5 21. Bb3 c5 22.
Nf5 Rc8 23. Bd5 c4 24. Kb1 c3 25. Nh4 cxb2 26. Qd2 Rc5 27. Bb3 a5 28. Kxb2 Qb6
29. Ng6+ Nxg6 30. hxg6 Rfc8 31. Qf2 Qd8 32. Rg2 a4 33. Bd5 Rc3 34. Rhh2 b4 35.
axb4 a3+ 36. Kc1 Rxd3 37. Rxg5 fxg5 38. Qf7 Qg8 39. Qxg8+ Rxg8 40. cxd3 Rf8 41.
Kb1 g4 42. Bf7 d5 43. exd5 a2+ 44. Kxa2 g3 45. Rg2 1-0

[Event "English Online Blitz Gp1"]
[Site "chess.com INT"]
[Date "2020.05.09"]
[Round "11"]
[White "Reimanis, Ritvars"]
[Black "Stepanyan, Henrik"]
[Result "0-1"]
[WhiteTitle "FM"]
[WhiteElo "2421"]
[BlackElo "2196"]
[WhiteFideId "11602988"]
[BlackFideId "401030"]
[EventDate "2020.05.09"]
[EventType "blitz"]

1. d4 d5 2. c4 e6 3. Nf3 c5 4. cxd5 exd5 5. g3 Nc6 6. Bg2 Nf6 7. Nc3 Be7 8. O-O
O-O 9. Bg5 c4 10. b3 Qa5 11. Bd2 Bb4 12. Qc2 b5 13. a4 Bxc3 14. Bxc3 b4 15. Bd2
c3 16. Bf4 Re8 17. Rad1 Ne4 18. Rfe1 Bf5 19. Nh4 Bd7 20. f3 Nf6 21. e4 dxe4 22.
fxe4 Bg4 23. Bf3 Qh5 24. Bxg4 Qxg4 25. e5 Nd5 26. Ng2 h6 27. Re4 Qg6 28. Nh4 Qe6
29. Ng2 Rad8 30. Qf2 Na5 31. Rb1 Nb6 32. Qc2 Nc6 33. Be3 Nd5 34. Bf2 Nde7 35.
Rf1 Na5 36. Rb1 Nec6 37. Nf4 Qf5 38. Qe2 Nxd4 39. Bxd4 Rxd4 40. Rxd4 Qxb1+ 41.
Kg2 c2 42. e6 c1=Q 43. exf7+ Kxf7 44. Rd7+ Kf8 45. Ne6+ Kg8 46. Rxg7+ Kh8 47.
Rh7+ Qxh7 48. Qe5+ Kg8 0-1

[Event "English Online Blitz Gp1"]
[Site "chess.com INT"]
[Date "2020.05.09"]
[Round "11"]
[White "Sedykh, Mikhail"]
[Black "Paul, Nathanael"]
[Result "1-0"]
[WhiteElo "2119"]
[BlackElo "1993"]
[WhiteFideId "447498"]
[BlackFideId "424510"]
[EventDate "2020.05.09"]
[EventType "blitz"]

1. d4 d5 2. c4 c6 3. Nf3 Nf6 4. Nc3 dxc4 5. e3 Bf5 6. a4 e6 7. Bxc4 Nbd7 8. O-O
Bb4 9. Bd2 O-O 10. Re1 Bg6 11. Nh4 a5 12. Nxg6 hxg6 13. e4 Nb6 14. Bb3 Qxd4 15.
Qe2 Rfd8 16. Be3 Qd7 17. Bxb6 Rdc8 18. Rad1 Qe7 19. Qd3 c5 20. e5 Ne8 21. Qd7
Qg5 22. Re2 c4 23. Bc2 Rc6 24. Be3 Qe7 25. Qxe7 Bxe7 26. Rd7 Rc7 27. Rxc7 Nxc7
28. Be4 Rb8 29. Bb6 Na6 30. Rd2 Bc5 31. Bxc5 Nxc5 32. Bf3 Kf8 33. Rd4 Nd3 34.
Rxc4 Nxb2 35. Rc7 b5 36. Nxb5 Nxa4 37. Be2 Nb2 38. h4 a4 39. Ra7 Rc8 40. Nd6 Rb8
41. Rxf7+ Kg8 42. Ra7 Rb4 43. Bb5 Rxh4 44. Bd7 Kh7 45. Bxe6 Rb4 46. Bd7 Nd3 47.
e6 Ne5 48. e7 Ng4 49. Bxg4 a3 50. e8=Q Rxg4 51. Rxa3 1-0

[Event "English Online Blitz Gp1"]
[Site "chess.com INT"]
[Date "2020.05.09"]
[Round "11"]
[White "Dong, Bao Nghia"]
[Black "Rendle, Thomas E"]
[Result "0-1"]
[WhiteTitle "CM"]
[BlackTitle "IM"]
[WhiteElo "2227"]
[BlackElo "2365"]
[WhiteFideId "12400343"]
[BlackFideId "408760"]
[EventDate "2020.05.09"]
[EventType "blitz"]

1. d4 f5 2. Bf4 Nf6 3. e3 g6 4. h3 Bg7 5. Bc4 e6 6. a4 d6 7. Nf3 O-O 8. O-O Nc6
9. a5 a6 10. Ra3 Qe7 11. Ba2 Kh8 12. c4 Nd8 13. b4 Nf7 14. b5 e5 15. Bh2 g5 16.
c5 e4 17. cxd6 cxd6 18. Bxf7 exf3 19. Bc4 fxg2 20. Kxg2 axb5 21. Bxb5 f4 22.
exf4 gxf4 23. Re1 Qf7 24. Bxf4 Qd5+ 25. Qf3 Qxb5 26. Bxd6 Rg8 27. Be5 Rxa5 28.
Rxa5 Qxa5 29. Rc1 Qd5 30. Nd2 Be6 31. Rc7 Qxf3+ 32. Kxf3 Ne8 33. Re7 Bxh3 34.
Bxg7+ Nxg7 35. Rxb7 Nf5 36. Rb4 Nd6 37. Rb6 Bg2+ 38. Kf4 Rf8+ 39. Kg3 Rg8+ 40.
Kf4 Nc8 41. Re6 Bd5 42. Re5 Nb6 43. Nf1 Rf8+ 44. Kg3 Rf3+ 45. Kg2 Rf4+ 46. Kg3
Rxd4 47. Ne3 Bf7 48. Re7 Rd7 49. Re5 Kg7 50. Rb5 Nd5 51. Nf5+ Kf6 52. Nh4 Be6
53. f4 Rg7+ 54. Kf3 Rc7 55. f5 Bf7 56. Ra5 Rc3+ 57. Ke4 Rc4+ 0-1

[Event "English Online Blitz Gp1"]
[Site "chess.com INT"]
[Date "2020.05.09"]
[Round "11"]
[White "Lewis, Christopher D"]
[Black "Starley, Robert"]
[Result "1/2-1/2"]
[WhiteElo "1834"]
[BlackElo "2084"]
[WhiteFideId "435767"]
[BlackFideId "421006"]
[EventDate "2020.05.09"]
[EventType "blitz"]

1. e4 e5 2. Nf3 Nc6 3. Bc4 Bc5 4. c3 Nf6 5. d4 exd4 6. cxd4 Bb4+ 7. Nc3 Nxe4 8.
O-O Bxc3 9. d5 Na5 10. Qe2 O-O 11. Qxe4 Nxc4 12. Qxc4 Bf6 13. d6 cxd6 14. Qd5
Qb6 15. Bf4 Qc6 16. Qxd6 Qxd6 17. Bxd6 Rd8 18. Rab1 b6 19. b4 Bb7 20. Ne5 Bxe5
21. Bxe5 d6 22. Bg3 d5 23. f3 d4 24. Rfd1 d3 25. Rb3 d2 26. Rb2 f6 27. Rdxd2
Rxd2 28. Rxd2 Bc6 29. Kf2 Kf7 30. Rd6 Bb5 31. Bf4 Rc8 32. Rd2 Rc4 33. Bd6 Ke6
34. Ke3 Rc6 35. Bf8 g6 36. h4 Bc4 37. a4 Bb3 38. a5 bxa5 39. bxa5 Rc4 40. Rb2
Ba4 41. Rb7 a6 42. Rb6+ Rc6 43. Kd4 Kd7 44. Rxc6 Bxc6 45. Bg7 f5 46. Ke5 Ke7 47.
Bf6+ Kf7 48. Bd8 Bb5 49. g3 Be2 50. f4 Ke8 51. Bb6 Kf7 52. Bc5 Bb5 53. Bb6 Kg7
54. Ke6 Kh6 55. Kf6 Kh5 56. Kg7 h6 57. Bf2 Be8 58. Be1 Bb5 59. Bf2 Be8 60. Kf8
Bb5 61. Kg7 1/2-1/2

[Event "English Online Blitz Gp1"]
[Site "chess.com INT"]
[Date "2020.05.09"]
[Round "11"]
[White "Sucikova, Svetlana"]
[Black "Grieve, Harry"]
[Result "1/2-1/2"]
[WhiteTitle "WFM"]
[BlackTitle "FM"]
[WhiteElo "2171"]
[BlackElo "2355"]
[WhiteFideId "14923653"]
[BlackFideId "426520"]
[EventDate "2020.05.09"]
[EventType "blitz"]

1. e3 f5 2. b3 d6 3. Bb2 Nd7 4. Bc4 Ngf6 5. Nf3 Nb6 6. Ng5 Nxc4 7. bxc4 e5 8. d4
e4 9. d5 Be7 10. O-O O-O 11. Na3 c6 12. Qd2 h6 13. Nh3 Qc7 14. Nf4 Kh7 15. Rfd1
Bd7 16. c5 Rad8 17. dxc6 Bxc6 18. Ne6 Qc8 19. Nxf8+ Bxf8 20. Bxf6 gxf6 21. cxd6
Bxd6 22. Qc3 Be5 23. Qb3 Bxa1 24. Qf7+ Kh8 25. Rxa1 Qd7 26. Qxf6+ Kh7 27. h3 Rg8
28. Nc4 Rg6 29. Qxg6+ Kxg6 30. Ne5+ Kf6 31. Nxd7+ Bxd7 32. Rd1 Ke6 33. g3 a5 34.
Rd4 b5 35. Kf1 b4 36. Ke2 Bc6 37. Kd2 Bd5 38. c3 bxc3+ 39. Kxc3 Bxa2 40. Ra4 Bb1
41. Rxa5 Bd3 42. Kd4 Bf1 43. h4 Kf6 44. Rc5 Kg6 45. Ke5 Bh3 46. Kf4 Kh5 47. Ra5
Bg4 48. Rc5 Bh3 49. Rc8 Bg4 50. Rc1 Bh3 51. Rh1 Bg4 52. Rh2 Kg6 53. h5+ Bxh5 54.
Rh4 Bf3 55. Rh2 Bg4 56. Rh1 Bf3 57. Ra1 Bg4 58. Ra6+ Kh5 59. Rb6 Bh3 60. Rb8 Bg4
61. Rb6 Bh3 62. Rb2 Bg4 63. Rb1 Kg6 64. Rb4 Kh5 65. Rb5 Bh3 66. Rb1 Bg4 67. Rh1+
Kg6 68. Rh4 Bf3 69. g4 Bxg4 70. Rh2 Bf3 71. Rh4 1/2-1/2